000 00862nam a2200253Ia 4500
001 16101
003 GE_BSU
008 181216s||||||||xx |||||||||||||| ||und||
020 _a978-9941-13-114-1
040 _cGE_BSU
080 _a574.5 + 502.65
100 _aბილაშვილი, კახაბერ
245 _aზღვის ეკოლოგია
245 _bსახელმძღვ
245 _cრედ.: ირაკლი ხომერიკი, ნანული ნასყიდაშვილი
260 _aთბილისი
260 _bთბილ. უნ-ტის გამ-ბა
260 _c2009
300 _a239გვ. : სურ. ; 20სმ
300 _eბიბლიოგრ.: გვ. 222-227
541 _h16ლ.
653 _aზღვის ეკოლოგია
942 _cBK
999 _c49190
_d49190